The great thoughts of oscar wilde / (Record no. 124647)
[ view plain ]
| 000 -LEADER | |
|---|---|
| fixed length control field | 00713nam a22002297a 4500 |
| 005 - DATE AND TIME OF LATEST TRANSACTION | |
| control field | 20170124105942.0 |
| 010 ## - LIBRARY OF CONGRESS CONTROL NUMBER | |
| LC control number | A-779590 |
| 020 ## - INTERNATIONAL STANDARD BOOK NUMBER | |
| Terms of availability | 00.00 |
| International Standard Book Number | 8124200629 |
| 035 ## - SYSTEM CONTROL NUMBER | |
| System control number | A-779590 |
| 037 ## - SOURCE OF ACQUISITION | |
| Source of stock number/acquisition | Cen Lib/Ret |
| 040 ## - CATALOGING SOURCE | |
| Original cataloging agency | DPL |
| Language of cataloging | EN |
| 082 ## - DEWEY DECIMAL CLASSIFICATION NUMBER | |
| Classification number | 308.88 |
| Item number | GRE |
| 245 ## - TITLE STATEMENT | |
| Title | The great thoughts of oscar wilde / |
| Statement of responsibility, etc | edited by Alvin Redman |
| 260 #h - PUBLICATION, DISTRIBUTION, ETC. (IMPRINT) | |
| Place of publication, distribution, etc | New Delhi |
| Name of publisher, distributor, etc | Crest Publishing House |
| Date of publication, distribution, etc | 1995 |
| 270 ## - ADDRESS | |
| City | New Delhi |
| Address | g-2, 16, ansari road, dariya ganj |
| Postal code | 110002 |
| 300 ## - PHYSICAL DESCRIPTION | |
| Extent | 240p. |
| Dimensions | 21cm(Hb) |
| 500 ## - GENERAL NOTE | |
| General note | Includes bibliographical references |
| 650 ## - SUBJECT ADDED ENTRY--TOPICAL TERM | |
| Topical term or geographic name as entry element | Lectures |
| Chronological subdivision | |
| 9 (RLIN) | 11487 |
| 650 ## - SUBJECT ADDED ENTRY--TOPICAL TERM | |
| Topical term or geographic name as entry element | Thoughts |
| General subdivision | Widle |
| 9 (RLIN) | 11488 |
| 700 ## - ADDED ENTRY--PERSONAL NAME | |
| Personal name | Redman, Alvin |
| 9 (RLIN) | 11489 |
| 942 ## - ADDED ENTRY ELEMENTS (KOHA) | |
| Source of classification or shelving scheme | Dewey Decimal Classification |
| Koha item type | English Books |
| Classification part | 308.88 |
| Call number suffix | GRE |
| Withdrawn status | Lost status | Damaged status | Not for loan | Home library | Current library | Date acquired | Source of acquisition | Cost, normal purchase price | Total Checkouts | Total Renewals | Full call number | Barcode | Date last seen | Date checked out | Copy number | Cost, replacement price | Price effective from | Koha item type |
|---|---|---|---|---|---|---|---|---|---|---|---|---|---|---|---|---|---|---|
| Central Library | Central Library | 17/06/2015 | Cen Lib/Ret | 0.00 | 1 | 1 | 308.88 GRE | A-779590 | 27/06/2019 | 30/05/2019 | 1 | 0.00 | 17/06/2015 | English Books |
